[Event "Paleros Open"]
[Site "Paleros GRE"]
[Date "2012.06.22"]
[Round "8"]
[White "Dorfanis,I"]
[Black "Dragomirescu,C"]
[Result "1/2-1/2"]
[WhiteElo "2225"]
[BlackElo "2185"]

1.e4 g6 2.d4 Bg7 3.Nc3 d6 4.f4 Nf6 5.Nf3 O-O 6.Be3 b6 7.Qd2 Bb7 8.Bd3 c5
9.d5 a6 10.a4 Nbd7 11.h3 Re8 12.O-O Nf8 13.Bc4 e6 14.Rae1 exd5 15.exd5 Qd7
16.Qd3 Nh5 17.Kh2 Bc8 18.g4 Nf6 19.Ng1 Qb7 20.Bd2 Bd7 21.Rxe8 Nxe8 22.f5 Nc7
23.Qf3 Be8 24.fxg6 Nxg6 25.Ne4 b5 26.Nf6+ Kh8 27.Bd3 bxa4 28.Bc3 Nb5 29.Nxe8 Bxc3
30.bxc3 Rxe8 31.c4 Nd4 32.Qf6+ Kg8 33.Qxd6 Qb4 34.Qf6 Rf8 35.h4 Qd2+ 36.Kh3 Nxc2
37.Bxc2 Qxc2 38.h5 Qxc4 39.hxg6 hxg6 40.d6 a3 41.Kh4 Qd4 42.Kg5 Qd5+ 43.Kh4 Qd4
44.Qxd4 cxd4 45.Nf3 Rd8 46.Nxd4 Rxd6 47.Nc2 Rd3 48.Ra1 f6 49.Rxa3 Rxa3 50.Nxa3 a5
51.Kg3 Kf7 52.Kf4 a4 53.Ke4 Ke6 54.Kd4 f5 55.g5 f4 56.Ke4 f3 57.Kxf3 Kf5
58.Nc2 Kxg5  1/2-1/2

[Event "Teplice Open 2012"]
[Site "Teplice CZE"]
[Date "2012.06.22"]
[Round "7.25"]
[White "Vykouk,Jan"]
[Black "Janda,Z"]
[Result "1-0"]
[WhiteElo "1896"]
[BlackElo "2116"]

1.e4 g6 2.d4 Bg7 3.Nc3 d6 4.Be3 c6 5.a4 a5 6.Qd2 Na6 7.Nf3 Nb4 8.O-O-O Qc7
9.Bc4 h6 10.Bf4 e6 11.d5 cxd5 12.Nb5 Qb6 13.Nxd6+ Kf8 14.Bb5 g5 15.Bg3 Nf6
16.Ne5 Bd7 17.Bxd7 Rd8 18.c3 Nh5 19.Ndxf7 Nxg3 20.fxg3 Ke7 21.cxb4 Qc7+ 22.Kb1 Bxe5
23.Nxh8 Bxh8 24.Bb5 Qe5 25.Rhe1  1-0

[Event "HSG Open A 2012"]
[Site "Hilversum NED"]
[Date "2012.06.23"]
[Round "3.4"]
[White "Goudriaan,E"]
[Black "Castaneda,Geo"]
[Result "1-0"]
[WhiteElo "2321"]
[BlackElo "2522"]

1.d4 d6 2.e4 g6 3.Nc3 Bg7 4.Be3 a6 5.f4 b5 6.Nf3 b4 7.Nb1 Nf6 8.Nbd2 a5 9.a3 Bb7
10.Bd3 Nbd7 11.h3 O-O 12.O-O c5 13.c3 bxc3 14.bxc3 Qc7 15.Qe2 Nb6 16.Rac1 Rac8
17.Rfd1 cxd4 18.cxd4 Qxc1 19.Rxc1 Rxc1+ 20.Kh2 Rc7 21.Qd1 Rb8 22.Qb3 Nfd7
23.Ng5 d5 24.f5 Rbc8 25.e5 Nc4 26.Nxc4 dxc4 27.Bxc4 Rxc4 28.Qxb7 Nxe5 29.dxe5 Bxe5+
30.Kg1 Bf6 31.Ne4 Bh4 32.Qd5 a4 33.Ng5 Bxg5 34.Bxg5 R4c7 35.f6 exf6 36.Bxf6 Rc1+
37.Kh2 R1c2 38.Bd4 h5 39.Qd6 R2c4 40.Be5 R4c6 41.Qd2 Rc5 42.Qf4 Re8 43.Bb2 Rec8
44.Qxa4 Kf8 45.Qf4 Rf5 46.Qd6+ Kg8 47.Qd4 f6 48.Qd7 Rf8 49.a4 Rf7 50.Qd8+ Kg7
51.a5 Rf2 52.Qd4 Rf5 53.Qb6 Rd5 54.Bxf6+ Kh7 55.a6 Rd2 56.Bc3  1-0

[Event "Paleros Open"]
[Site "Paleros GRE"]
[Date "2012.06.23"]
[Round "9"]
[White "Duport,N SUI"]
[Black "Dragomirescu,C"]
[Result "1/2-1/2"]
[WhiteElo "2214"]
[BlackElo "2185"]

1.e4 g6 2.d4 Bg7 3.Nc3 d6 4.Be3 c6 5.Qd2 Nd7 6.Nf3 b5 7.Bd3 Ngf6 8.O-O O-O
9.a4 b4 10.Ne2 a5 11.h3 c5 12.c3 Bb7 13.Ng3 bxc3 14.bxc3 Ba6 15.Bxa6 Rxa6
16.Bh6 e6 17.Qg5 Nh5 18.Nxh5 Qxg5 19.Bxg5 gxh5 20.Rfb1 cxd4 21.cxd4 Rc8 22.Rb5 Nb6
23.Bf4 d5 24.exd5 Nxd5 25.Bd2 Rca8 26.Rab1 Bf8 27.Rb8 Nb4 28.Rb5 Nd5 29.Rb8 Nb4
30.Rxa8 Rxa8 31.Ne5 Rc8 32.Rb3 Rc7 33.Rg3+ Kh8 34.Bg5 Nd5 35.Bd8 Rb7 36.Bxa5 f6
37.Nd3 Rb1+ 38.Be1 Ra1 39.a5 Bb4 40.Kf1 Bxa5 41.Ke2 Bxe1 42.Nxe1 Nf4+ 43.Kd2 Ra2+
44.Nc2 h4 45.Rg4 Ng6 46.Re4 Ra6 47.Nb4 Rd6  1/2-1/2

[Event "TCh-CHN 2012"]
[Site "Taizhou CHN"]
[Date "2012.06.27"]
[Round "5"]
[White "Ding Yixin"]
[Black "Ren,Xiaoyi"]
[Result "1/2-1/2"]
[WhiteElo "2350"]
[BlackElo "2202"]

1.e4 g6 2.d4 Bg7 3.Nc3 d6 4.Bg5 c6 5.Qd2 b5 6.O-O-O b4 7.Nce2 h6 8.Be3 Nf6
9.f3 Qa5 10.Kb1 Na6 11.Nc1 Rb8 12.Nb3 Qc7 13.g4 Nd7 14.Ne2 Nb6 15.Ng3 Na4
16.Bc4 c5 17.Qe2 cxd4 18.Bxd4 Bxd4 19.Nxd4 N6c5 20.e5 d5 21.Bxd5 Ba6 22.Qe3 e6
23.Bc6+ Kf8 24.Qf4 Bc4 25.Qf6 Rh7 26.Ne4 Nxe4 27.Bxe4 Nc3+ 28.bxc3 Bxa2+
29.Kc1 bxc3 30.Nb5 a6 31.Nxc3 Qxc3 32.Rd8+ Rxd8 33.Qxd8+ Kg7 34.Qf6+ Kg8
35.Rd1 Qa3+ 36.Kd2 Rg7 37.Ke2 Bc4+ 38.Kf2 Qc5+ 39.Kg3 Kh7 40.h4 Bd5 41.Bxd5 exd5
42.Qxa6 Qxc2 43.Rxd5 Qc1 44.Qa2 h5 45.g5 Qg1+ 46.Qg2 Qa7 47.Qd2 Qc7 48.Qd4 Qc1
49.Rc5 Qe1+ 50.Qf2 Qb4 51.Rc7 f5 52.Rxg7+ Kxg7 53.Qe2 f4+ 54.Kg2 Kf7 55.e6+ Ke7
56.Qc2 Qb5 57.Qd2 Kxe6 58.Qa2+ Ke5 59.Qa1+ Kd5 60.Qa8+ Ke6 61.Qg8+ Ke7 62.Qg7+ Kd8
63.Qf8+ Kd7 64.Qf7+ Kd8 65.Qf6+ Kd7 66.Kf2 Qc5+ 67.Ke2 Qc2+ 68.Kf1 Qd1+ 69.Kf2 Qd2+
70.Kf1  1/2-1/2

[Event "ch-UAE 2012"]
[Site "Abu Dhabi UAE"]
[Date "2012.06.29"]
[Round "2.2"]
[White "Zayed,A"]
[Black "AlHuwar,J"]
[Result "1-0"]
[WhiteElo "1982"]
[BlackElo "2270"]

1.e4 g6 2.d4 Bg7 3.Nc3 d6 4.Be3 a6 5.Qd2 Nd7 6.Nf3 b5 7.Bd3 Bb7 8.a4 b4 9.Ne2 c5
10.c3 bxc3 11.bxc3 Ngf6 12.e5 Nd5 13.Bh6 O-O 14.h4 cxd4 15.cxd4 dxe5 16.h5 Nf4
17.hxg6 Bxh6 18.Rxh6 Nxd3+ 19.Qxd3 e4 20.Qe3 exf3 21.Rxh7 Qa5+ 22.Kf1 fxe2+
23.Kxe2 Nf6 24.Rh8+ Kxh8 25.Qh6+ Kg8 26.Rh1  1-0

[Event "Mukachevo Summer Open"]
[Site "Mukachevo UKR"]
[Date "2012.06.30"]
[Round "8.6"]
[White "Skliarov,V"]
[Black "Kozakov,M"]
[Result "0-1"]
[WhiteElo "2257"]
[BlackElo "2481"]

1.e4 d6 2.d4 g6 3.Nc3 Bg7 4.Be3 Nd7 5.Qd2 c6 6.O-O-O b5 7.Kb1 Nb6 8.b3 Qc7
9.f3 a5 10.g4 Bb7 11.h4 h5 12.g5 e6 13.d5 exd5 14.exd5 b4 15.Bxb6 Qxb6 16.Na4 Qc7
17.dxc6 Bxc6 18.Qxd6 Qxd6 19.Rxd6 Ne7 20.Bd3 Be5 21.Rxc6 Nxc6 22.Bb5 O-O-O
23.Ne2 Nd4 24.Nxd4 Rxd4 25.c3 bxc3 26.Nxc3 Rd2 27.Re1 Bxc3 28.Rc1 Rb2+  0-1

[Event "NIKI Open 2012"]
[Site "Nachod CZE"]
[Date "2012.06.30"]
[Round "1.8"]
[White "Karlik,V"]
[Black "Neubauer,V"]
[Result "1/2-1/2"]
[WhiteElo "2329"]
[BlackElo "1881"]

1.d4 g6 2.e4 Bg7 3.Nc3 d6 4.Nf3 Bg4 5.Bc4 e6 6.Be3 Ne7 7.Qd2 Bxf3 8.gxf3 d5
9.Bb5+ c6 10.Be2 h5 11.O-O Nd7 12.a4 Nf6 13.Bg5 Nh7 14.Be3 Nf6 15.Bf4 dxe4
16.fxe4 Ng4 17.Bxg4 hxg4 18.Rfd1 Qa5 19.e5 Nf5 20.Ne4 Qxd2 21.Rxd2 O-O-O
22.c3 Bh6 23.Bg5 Bxg5 24.Nxg5 Rdf8 25.f4 gxf3 26.Rf1 Rh5 27.Nxf3 g5 28.Ne1 Rfh8
29.Rff2 g4 30.Rg2 Rh4 31.Rde2 g3 32.hxg3 Rg4 33.Kf2 Rhg8 34.Kf3 Rxg3+ 35.Rxg3 Rxg3+
36.Kf2 b6 37.Nf3 Rg4 38.Re1 c5 39.dxc5 bxc5 40.b3 Nh4 41.Rh1 Nxf3 42.Kxf3 Rg5
43.Kf4 Rf5+ 44.Ke4 Rf2 45.Kd3 Kc7 46.Rh8 Rf4 47.Ra8 Kb7 48.Re8 a5 49.Rh8 Rf5
50.Rd8 Kc7 51.Ra8 Rxe5 52.Ra7+ Kb6 53.Rxf7 Rh5 54.Rf4 Rh3+ 55.Kc4 Re3 56.Rf8 Re4+
57.Kd3 Rh4 58.Rb8+ Kc6 59.Rb5 Rh3+ 60.Kc2 Rh2+ 61.Kc1 e5 62.Rxa5 e4 63.b4 cxb4
64.cxb4 Ra2 65.b5+ Kb7 66.Ra6 e3 67.Kd1 e2+ 68.Ke1 Rb2 69.Kf2 Ra2 70.a5 Rb2
71.Rb6+ Ka7 72.Ke1 Ra2 73.Ra6+ Kb7 74.Kf2 Rb2 75.Re6 Rxb5 76.a6+ Ka7 77.Kxe2 Ra5
78.Kd3 Rxa6  1/2-1/2

[Event "40th TCh-GRE 2012"]
[Site "Achaea GRE"]
[Date "2012.07.01"]
[Round "3.11"]
[White "Ontabasidis,Aristidis"]
[Black "Androutsopoulos-Agiotatos,Vasil"]
[Result "1-0"]
[WhiteElo "1588"]
[BlackElo "1525"]

1.e4 g6 2.d4 Bg7 3.Nc3 d6 4.Be3 a6 5.f3 b5 6.Qd2 Nd7 7.Nge2 Bb7 8.Ng3 Rc8
9.Be2 Ngf6 10.O-O O-O 11.Bh6 c5 12.Bxg7 Kxg7 13.d5 Nb6 14.Nd1 h5 15.Ne3 Rh8
16.b3 Qc7 17.c4 b4 18.Rae1 Rcg8 19.Nc2 Bc8 20.Bd1 Kf8 21.f4 Nbd7 22.Qe3 h4
23.Nh1 Kg7 24.e5 Ne8 25.e6 Ndf6 26.exf7 Kxf7 27.h3 Ng7 28.Rf2 Nf5 29.Qd2 Nh5
30.Bg4 Nhg3 31.Nxg3 hxg3 32.Rfe2 Re8 33.Bxf5 Bxf5 34.Ne3 Bd7 35.Nf1 Qc8 36.Re3 Rh7
37.Rxg3 Rhh8 38.Qd3 Kf8 39.Qxg6  1-0

[Event "40th TCh-GRE 2012"]
[Site "Achaea GRE"]
[Date "2012.07.01"]
[Round "3.8"]
[White "Efthimiatos,G"]
[Black "Stavrianakis,I"]
[Result "1/2-1/2"]
[WhiteElo "2048"]
[BlackElo "2318"]

1.e4 g6 2.d4 Bg7 3.Nc3 d6 4.Bc4 c6 5.Nf3 Nf6 6.e5 dxe5 7.Nxe5 O-O 8.O-O Nbd7
9.Nxd7 Qxd7 10.d5 b5 11.Be2 Nxd5 12.Ne4 Nb6 13.c3 Qc7 14.Be3 Bf5 15.Bf3 Nc4
16.Qe2 e5 17.Bc5 Rfd8 18.Rfd1 Bf8 19.Bxf8 Kxf8 20.b3 Nb6 21.Nc5 Re8 22.Be4 Bxe4
23.Qxe4 Nd5 24.Qe1 Qe7 25.b4 Kg7 26.a4 bxa4 27.Rxa4 e4 28.c4 Nf6 29.Qe3 Rad8
30.Rxd8 Rxd8 31.h3 Rd1+ 32.Kh2 Qe5+ 33.f4 Qh5 34.Qc3 Qf5 35.Qe5 Qxe5 36.fxe5 Nh5
37.Nxe4 Re1 38.Nd6 Rxe5 39.Rxa7 Re6 40.Nxf7 Kf6 41.Nh6 Re4 42.Ng4+ Ke6 43.b5 Rxc4
44.bxc6 Rxc6 45.Rxh7 Nf6 46.Nxf6 Kxf6  1/2-1/2

[Event "e2e4 Buxton Open"]
[Site "Buxton ENG"]
[Date "2012.07.01"]
[Round "4"]
[White "Webster,R"]
[Black "Fernandez,Michael"]
[Result "1-0"]
[WhiteElo "1972"]
[BlackElo "1823"]

1.e4 g6 2.d4 Bg7 3.Nc3 d6 4.Be3 a6 5.Nf3 b5 6.Bd3 Bb7 7.Qe2 e6 8.d5 e5 9.Bxb5+ Nd7
10.Ba4 f5 11.exf5 gxf5 12.Ng5 Qf6 13.Ne6 f4 14.Nxf4 O-O-O 15.Ne6 Re8 16.Qc4 Rxe6
17.dxe6 Nf8 18.Nd5 Bxd5 19.Qxd5 Kd8 20.Qa8+ Ke7 21.Qe8+  1-0

[Event "Perla Baltyku Open 2012"]
[Site "Lazy POL"]
[Date "2012.07.01"]
[Round "2.18"]
[White "Jacek,K"]
[Black "Kotlowski,T"]
[Result "0-1"]
[WhiteElo "2074"]
[BlackElo "1988"]

1.e4 d6 2.d4 g6 3.Nc3 Bg7 4.f4 Nf6 5.Nf3 O-O 6.e5 dxe5 7.fxe5 Nd5 8.Bd3 Nxc3
9.bxc3 c5 10.Be3 Nc6 11.O-O Bg4 12.Be4 Qa5 13.Qe1 cxd4 14.cxd4 Qxe1 15.Rfxe1 Rac8
16.h3 Bf5 17.Bxf5 gxf5 18.c4 Nb4 19.Rec1 b5 20.Rab1 Nd3 21.Rc3 bxc4 22.Rb7 e6
23.Rxa7 f6 24.exf6 Bxf6 25.Bg5 Bxg5 26.Nxg5 Nf4 27.Kf1 h6 28.Nf3 Nd5 29.Rc1 c3
30.Kf2 Ra8 31.Rxa8 Rxa8 32.Rc2 Ra3 33.Ne1 Kf7 34.Nd3 Ra4 35.Ne5+ Kf6 36.Nf3 Rc4
37.a3 Ra4 38.Re2 Rxa3 39.Ne1 Ra4 40.Nf3 Rc4 41.g3 Nb4 42.Re1 c2  0-1

[Event "20th Montcada Open"]
[Site "Montcada i Reixac ESP"]
[Date "2012.07.01"]
[Round "7.15"]
[White "Barbero Senidic,A"]
[Black "Cordova,E"]
[Result "0-1"]
[WhiteElo "2350"]
[BlackElo "2566"]

1.e4 g6 2.d4 Bg7 3.Nc3 d6 4.f4 Nf6 5.Nf3 O-O 6.e5 dxe5 7.fxe5 Nd5 8.Bc4 Nb6
9.Bb3 a5 10.a3 c5 11.dxc5 Qxd1+ 12.Nxd1 N6d7 13.e6 Nxc5 14.exf7+ Kh8 15.Bc4 Be6
16.Bxe6 Nxe6 17.O-O Rxf7 18.Re1 Nd4 19.Nxd4 Bxd4+ 20.Be3 Bg7 21.a4 Nc6 22.c3 Ne5
23.Re2 Nc4 24.Nf2 Raf8 25.Ne4 Nxe3 26.Rxe3 Rd8 27.Rf1 Rf5 28.Ng3 Re5 29.Rxe5 Bxe5
30.Ne4 Kg8 31.Re1 b6 32.Kf2 h6 33.h3 Bc7 34.Ke2 Kf7 35.Rd1 Rc8 36.Rd5 Ke6
37.c4 Rf8 38.b3 Rf4 39.Nd2 Bd6 40.Rd3 Bc5 41.Nf3 g5 42.g4 Kf6 43.Nd2 e6 44.Rf3 Ke5
45.Rxf4 Kxf4 46.Kd3 Bb4 47.Ne4 Be7 48.Kd4 Bf8 49.Kd3 e5 50.Nf6 Kf3 51.Ne4 Bb4
52.Nf6 Be7 53.Ne4 Kf4 54.Nf2 Bc5 55.Ne4 Bg1 56.Nf6 Kf3 57.Ne4 Be3 58.Nf6 Bd4
59.Nd7 Kg3 60.Ke4 Kxh3 61.Kf5 Kg3 62.Nf6 Kf3 63.Ne4 Ke3 64.Ng3 Kd3 65.Kg6 e4
66.Kxh6 e3 67.Kxg5 Be5  0-1

[Event "Stockholm Master Open 2012"]
[Site "Stockholm SWE"]
[Date "2012.07.01"]
[Round "5.10"]
[White "Alarik,M"]
[Black "Olund,Joar"]
[Result "1/2-1/2"]
[WhiteElo "1971"]
[BlackElo "2178"]

1.d4 g6 2.e4 Bg7 3.Nc3 d6 4.Be3 a6 5.h4 h5 6.Nh3 b5 7.Qd2 Nf6 8.f3 O-O 9.O-O-O Bb7
10.e5 dxe5 11.dxe5 Qxd2+ 12.Rxd2 b4 13.Na4 Nd5 14.Bd4 Nc6 15.Bc4 Rad8 16.Rhd1 Na5
17.Bf1 Bh6 18.f4 Bxf4 19.Nxf4 Nxf4 20.Nc5 Bc8 21.Nxa6 Bg4 22.Re1 Nc6 23.Be3 Rxd2
24.Bxd2 Nd5 25.Bc4 Rd8 26.b3 Bf5 27.Bxd5  1/2-1/2

[Event "XXI Adolf Anderssen Mem KO"]
[Site "Wroclaw POL"]
[Date "2012.07.01"]
[Round "1.2"]
[White "Kasparov,S"]
[Black "Krasenkow,M"]
[Result "1/2-1/2"]
[WhiteElo "2493"]
[BlackElo "2633"]

1.e4 g6 2.d4 Bg7 3.Nc3 d6 4.Nge2 Nf6 5.g3 Nc6 6.Bg2 e5 7.dxe5 Nxe5 8.h3 O-O
9.f4 Nc6 10.O-O Re8 11.g4 a5 12.Ng3 a4 13.a3 Nd7 14.Be3 Ra6 15.Qd3 b6 16.Rae1 Nc5
17.Qd1 Bb7 18.g5 Na5 19.Bd4 Bxd4+ 20.Qxd4 Ne6 21.Qd3 Ra8 22.Qd2 Nc4 23.Qc1 Nc5
24.Kh2 Qd7 25.Rf2 Re7 26.Bf1 b5 27.Bxc4 bxc4 28.Qd2 Rae8 29.Rfe2 Qd8 30.Nd5 Bxd5
31.exd5 f6 32.h4 fxg5 33.hxg5 Rxe2+ 34.Rxe2 Rf8 35.Ne4 Nxe4 36.Rxe4 Qd7 37.Kg3 Rf5
38.Qe2 Kf8 39.Qxc4 h6 40.Qxa4 Qxa4 41.Rxa4 hxg5 42.fxg5 Rxg5+ 43.Rg4 Rxd5
44.Rxg6 Kf7 45.Rh6 Ke7 46.Rh2 Kd7 47.Kf3 Kc6 48.Ke3 Kb7 49.Rd2 Rh5 50.Re2  1/2-1/2

[Event "ch-UAE 2012"]
[Site "Abu Dhabi UAE"]
[Date "2012.07.03"]
[Round "7.2"]
[White "Khouri,I"]
[Black "AlHuwar,J"]
[Result "0-1"]
[WhiteElo "2222"]
[BlackElo "2270"]

1.e4 g6 2.d4 Bg7 3.Nc3 d6 4.Be3 c6 5.Qd2 Nd7 6.h4 h5 7.Nh3 b5 8.Bd3 Qc7 9.Ng5 Nh6
10.f3 a6 11.a4 b4 12.Ne2 c5 13.c3 c4 14.Bc2 b3 15.Bd1 e5 16.O-O Nf8 17.d5 f6
18.Nh3 Nd7 19.Ng3 a5 20.f4 Ng4 21.f5 gxf5 22.Nxf5 Nf8 23.Bxg4 hxg4 24.Nf2 Bxf5
25.exf5 g3 26.Ne4 Rxh4 27.Nxg3 Nd7 28.Kf2 Nc5 29.Rh1 Nd3+ 30.Ke2 Rh8 31.Rxh8+ Bxh8
32.Bf2 Qb7 33.Rh1 O-O-O 34.Qe3 Nf4+ 35.Kf1 Qxd5 36.Qa7 Qxg2+ 37.Ke1 Nd3+
38.Ke2 Qxf2+ 39.Qxf2 Nxf2 40.Kxf2 Kc7 41.Rh7+ Kc6 42.Ra7 Kb6 43.Rf7 d5 44.Ke3 d4+
45.Ke2  0-1

[Event "ch-UAE 2012"]
[Site "Abu Dhabi UAE"]
[Date "2012.07.03"]
[Round "7.1"]
[White "Ibrahim,I UAE"]
[Black "Salem,AR"]
[Result "0-1"]
[WhiteElo "2147"]
[BlackElo "2528"]

1.e4 g6 2.d4 Bg7 3.Nc3 d6 4.Be3 a6 5.Qd2 b5 6.Bd3 Bb7 7.Nf3 Nd7 8.a4 b4 9.Ne2 c5
10.c3 Ngf6 11.Ng3 bxc3 12.bxc3 Qa5 13.Rb1 Rb8 14.h3 O-O 15.O-O Rfd8 16.Bh6 Bxh6
17.Qxh6 Qxc3 18.Nh4 Qxd3 19.Nhf5 gxf5 20.Nxf5 Ne8 21.Qg5+ Kh8 22.Rxb7 f6
23.Rxb8 Rxb8 24.Qg4 e6  0-1

[Event "20th Montcada Open"]
[Site "Montcada i Reixac ESP"]
[Date "2012.07.03"]
[Round "9.9"]
[White "Escobar Forero,A"]
[Black "Munoz Pantoja,M"]
[Result "1/2-1/2"]
[WhiteElo "2448"]
[BlackElo "2484"]

1.e4 g6 2.d4 Bg7 3.Nc3 d6 4.h3 Nf6 5.Nf3 O-O 6.Bc4 Nxe4 7.Bxf7+ Rxf7 8.Nxe4 Nc6
9.c3 d5 10.Nc5 e5 11.dxe5 Nxe5 12.Nxe5 Bxe5 13.Be3 c6 14.Qd2 b6 15.Nd3 Bg7
16.O-O-O c5 17.Bh6 Bxh6 18.Qxh6 d4 19.Rhe1 dxc3 20.bxc3 Bf5 21.Ne5 Qf6 22.g4 Be6
23.Qe3 Bxa2 24.Nxf7 Bxf7 25.Rd7 a5 26.Qd2 a4 27.Ree7 a3 28.Kb1 a2+ 29.Ka1 Qf3
30.Re3 Qf6 31.Rd6 Qh4 32.Rd7 Qf6 33.Rd6 Qh4 34.Rxb6 Rd8 35.Rd6 Rxd6 36.Qxd6 Qxf2
37.Qb8+ Kg7 38.Qe5+ Kg8 39.Re1 Qd2 40.Qb8+ Kg7 41.Qe5+ Kg8 42.Rf1 Qd3 43.Qf6 Qd7
44.h4 Qd5 45.Qf4 h5 46.gxh5 gxh5 47.Qb8+ Kg7 48.Rg1+ Bg6 49.Qa7+ Kh6 50.Qxa2 Qd3
51.Qa3 Qc4 52.Rd1 Qxh4 53.Qc1+ Qg5 54.Qxg5+ Kxg5 55.Rd5+ Kf4 56.Rxc5 h4 57.Rc8 Be4
58.Rh8 Kg3 59.c4 h3 60.c5 h2 61.Kb2 Bg2 62.Rxh2  1/2-1/2

[Event "35th Barbera Open A"]
[Site "Barbera del Valles ESP"]
[Date "2012.07.04"]
[Round "1.15"]
[White "Umudova,N"]
[Black "Munoz Pantoja,M"]
[Result "0-1"]
[WhiteElo "2210"]
[BlackElo "2496"]

1.e4 g6 2.d4 Bg7 3.Nc3 d6 4.Nf3 Nf6 5.h3 O-O 6.Be3 c5 7.dxc5 Qa5 8.Bd3 dxc5
9.O-O Nc6 10.e5 Ne8 11.Bf4 Nc7 12.a3 Ne6 13.Bg3 Rd8 14.Qe1 Ned4 15.Nxd4 Nxd4
16.b4 cxb4 17.axb4 Qxb4 18.Ra4 Qb6 19.Qe3 Be6 20.Rb1 Qc7 21.Be4 Qxc3  0-1

[Event "40th TCh-GRE 2012"]
[Site "Achaea GRE"]
[Date "2012.07.05"]
[Round "7.13"]
[White "Efthimiatos,G"]
[Black "Athanasiou,G"]
[Result "0-1"]
[WhiteElo "2048"]
[BlackElo "1927"]

1.e4 d6 2.d4 g6 3.Nc3 Bg7 4.Bc4 Nf6 5.Qe2 Nc6 6.e5 Nxd4 7.exf6 Nxe2 8.fxg7 Rg8
9.Ngxe2 c6 10.O-O d5 11.Bd3 e5 12.Re1 Be6 13.Ng3 Qf6 14.Nce4 dxe4 15.Nxe4 Qxg7
16.Bg5 h6 17.Bf6 Qf8 18.Rad1 g5 19.c4 Rg6 20.Bxe5 O-O-O 21.c5 f5 22.Nd6+ Rxd6
23.Bxd6 Qf7 24.Re5 Bd7 25.b3 b5 26.cxb6 Rxd6 27.Ba6+ Kb8 28.Rxd6 axb6 29.Bc4 Qg7
30.Re1 Kc7 31.Red1 Bc8 32.h3 g4 33.Be6 gxh3 34.g3 Qg4 35.Bc4 f4 36.R6d2 fxg3
37.fxg3 Qxg3+ 38.Kh1 Bg4 39.Rf1 Bf3+ 40.Rxf3 Qxf3+ 41.Kg1 Qe3+ 42.Rf2 h2+  0-1

[Event "NIKI Open 2012"]
[Site "Nachod CZE"]
[Date "2012.07.05"]
[Round "6.17"]
[White "Tejnsky,B"]
[Black "Hastik,S"]
[Result "1/2-1/2"]
[WhiteElo "1952"]
[BlackElo "2034"]

1.e4 g6 2.d4 Bg7 3.Nc3 d6 4.Bd3 Nf6 5.Bg5 O-O 6.Qd2 Nbd7 7.f4 c5 8.Nf3 cxd4
9.Ne2 e5 10.O-O Qb6 11.Ng3 Re8 12.f5 d5 13.fxg6 hxg6 14.Rae1  1/2-1/2

[Event "NIKI Open 2012"]
[Site "Nachod CZE"]
[Date "2012.07.06"]
[Round "7.21"]
[White "Saucuk,Martin"]
[Black "Tejnsky,B"]
[Result "0-1"]
[WhiteElo "1939"]
[BlackElo "1952"]

1.e4 g6 2.d4 Bg7 3.Nc3 d6 4.f4 Nf6 5.Nf3 O-O 6.Be2 c5 7.d5 e6 8.O-O Qb6 9.Kh1 exd5
10.Nxd5 Nxd5 11.exd5 Re8 12.Bd3 Nd7 13.c4 f5 14.Rb1 Nf6 15.Qc2 Bd7 16.b3 Re7
17.Bb2 Rae8 18.Rbe1 Qd8 19.Bc3 Re3 20.Rxe3 Rxe3 21.Re1 Rxe1+ 22.Nxe1 Qe8
23.Nf3 h6 24.a3 b6 25.Qb2 Qe7 26.b4 g5 27.fxg5 hxg5 28.bxc5 bxc5 29.Qb8+ Ne8
30.Bxg7 Kxg7 31.Qxa7 g4 32.Ng1 Qf7 33.Qb8 f4 34.Qb2+ Nf6 35.Qe2 Kh6 36.Qf2 Nh5
37.Ne2 Qf6 38.Qf1 Qe5 39.Ng1 Qg5 40.Qe2 Qh4 41.Nf3 Ng3+  0-1

[Event "16th Godesburg Open"]
[Site "Bad Godesberg GER"]
[Date "2012.07.07"]
[Round "1.23"]
[White "Brandt,Se"]
[Black "Brungs,Sven"]
[Result "1-0"]
[WhiteElo "2043"]
[BlackElo "1866"]

1.e4 g6 2.d4 Bg7 3.Nc3 d6 4.f4 e6 5.Nf3 a6 6.Bd3 Nd7 7.O-O c5 8.Ne2 b5 9.c3 Ne7
10.f5 c4 11.fxe6 fxe6 12.Bc2 O-O 13.Bg5 Bb7 14.Nf4 Rf7 15.Nxe6 Qb6 16.Nxg7 Kxg7
17.Qd2 Ng8 18.Bf4 Re8 19.Rae1 Rfe7 20.Bg5 Ndf6 21.Qf2 Bxe4 22.Bxf6+ Nxf6
23.Ng5 d5 24.Bxe4 dxe4 25.Qh4 h6 26.Nh3 Qd6 27.Nf4 Qb6 28.Qg3 g5 29.h4 g4
30.h5 Re5 31.Re3 Rg5 32.Rfe1 Qd6 33.Rf1 Qb6 34.a3 a5 35.Qf2 g3 36.Rxg3 e3
37.Rxe3 Ne4 38.Qe1 Qb7 39.d5 Qb6 40.Ne6+ Rxe6 41.dxe6 Re5 42.Rf3 Rxe6 43.Kh1  1-0

[Event "St. Pauli Open 2012"]
[Site "Hamburg GER"]
[Date "2012.07.07"]
[Round "1.20"]
[White "Rossen,C"]
[Black "Luebeck,Stephan"]
[Result "1-0"]
[WhiteElo "2223"]
[BlackElo "1962"]

1.e4 g6 2.d4 Bg7 3.Nc3 d6 4.Be3 Nc6 5.Qd2 e5 6.d5 Nce7 7.Bb5+ Bd7 8.f3 f5
9.Nh3 f4 10.Bg1 h6 11.g4 g5 12.a4 Ng6 13.Ra3 Nh4 14.Qe2 Ne7 15.Rb3 b6 16.Bf2 Neg6
17.Bxd7+ Qxd7 18.O-O Bf6 19.a5 h5 20.Bxh4 Nxh4 21.Nf2 hxg4 22.Nxg4 Be7 23.Ra1 Kf7
24.axb6 axb6 25.Rba3 Rxa3 26.Rxa3 Kg6 27.Ra7 Bd8 28.Kf2 Rh7 29.Qb5 Qxb5 30.Nxb5 Rd7
31.c4 Kf7 32.b4 Ng6 33.c5 bxc5 34.bxc5 Ke8 35.c6 Rf7 36.Nh6 Rh7 37.Nxd6+  1-0

[Event "34th Oberwart Open A"]
[Site "Oberwart AUT"]
[Date "2012.07.07"]
[Round "1.7"]
[White "Nemeth,Mi1"]
[Black "Koller,Hans-Juergen"]
[Result "1-0"]
[WhiteElo "2447"]
[BlackElo "2078"]

1.e4 g6 2.d4 Bg7 3.Nc3 d6 4.f4 e6 5.Nf3 Ne7 6.Be3 O-O 7.Qd2 a6 8.a4 b6 9.Bd3 Nd7
10.e5 Bb7 11.Ne4 Bxe4 12.Bxe4 d5 13.Bd3 c5 14.c3 Nc6 15.h4 h5 16.g4 Na5 17.Qg2 Kh8
18.gxh5 gxh5 19.Ng5 Qe7 20.Qf3  1-0

[Event "5th Open d'Ille et Vilaine"]
[Site "Rennes FRA"]
[Date "2012.07.07"]
[Round "1.2"]
[White "Inkiov,V"]
[Black "Fischer,Je"]
[Result "1-0"]
[WhiteElo "2460"]
[BlackElo "1850"]

1.d4 g6 2.e4 d6 3.Nc3 Bg7 4.h4 h5 5.Nh3 Nc6 6.Be3 Nf6 7.f3 Bxh3 8.Rxh3 a6
9.g4 hxg4 10.fxg4 Qd7 11.g5 Nh5 12.Rh2 O-O-O 13.Bd3 e6 14.Qd2 Kb8 15.O-O-O Qe7
16.Ne2 f5 17.Bf2 d5 18.e5 Qb4 19.Qxb4 Nxb4 20.c3 Nc6  1-0

[Event "46th Ilmar Raua Memorial"]
[Site "Vaksali EST"]
[Date "2012.07.07"]
[Round "3"]
[White "Ehlvest,J"]
[Black "Shvyrjov,I"]
[Result "1-0"]
[WhiteElo "2596"]
[BlackElo "2470"]

1.e4 d6 2.Nc3 g6 3.d4 Bg7 4.Be3 c6 5.Qd2 Nd7 6.h4 Ngf6 7.f3 h5 8.Nh3 b5 9.Ng5 Qc7
10.Bd3 a6 11.a4 Bb7 12.Ne2 e5 13.axb5 cxb5 14.d5 Nc5 15.Rc1 Nfd7 16.b4 Nxd3+
17.cxd3 Qd8 18.O-O Bf6 19.Rc2 Rc8 20.Nc1 Rxc2 21.Qxc2 a5 22.bxa5 Qxa5 23.Nb3 Qd8
24.Qd2 O-O 25.Qb4 Qb8 26.Qxb5 Ba6 27.Qxd7 Qxb3 28.Qxd6 Qxd3 29.Re1 Bd8 30.Bc5 Re8
31.Qd7 Rf8 32.Bxf8 Bxg5 33.hxg5 Qd2 34.Rb1 Qe3+ 35.Kh1 Bd3 36.Bh6  1-0

[Event "7th Wroclaw Open A"]
[Site "Wroclaw POL"]
[Date "2012.07.07"]
[Round "6.7"]
[White "Vysochin,S"]
[Black "Walentukiewicz,M"]
[Result "1-0"]
[WhiteElo "2533"]
[BlackElo "2113"]

1.e4 g6 2.d4 Bg7 3.Nc3 d6 4.f4 Nf6 5.Nf3 O-O 6.Bd3 Bg4 7.h3 Bxf3 8.Qxf3 e5
9.fxe5 dxe5 10.d5 Nbd7 11.Bg5 h6 12.Bh4 c6 13.O-O-O Qc7 14.dxc6 bxc6 15.Bc4 Rab8
16.Rhf1 Rb4 17.Bb3 Rd4 18.g4 a6 19.Bf2 Rxd1+ 20.Rxd1 c5 21.Qd3 Rc8 22.Bc4 Bf8
23.Bxa6 Rb8 24.Bb5 Nb6 25.a4 c4 26.Qf3 Be7 27.Be3 Qb7 28.a5 Nc8 29.a6 Qc7
30.g5 hxg5 31.Bxg5 Nd5 32.Bxe7 Ndxe7 33.Rd7 Qc5 34.Qf6 Qg1+ 35.Nd1  1-0

[Event "ch-MNE 2012"]
[Site "Cetinje MNE"]
[Date "2012.07.08"]
[Round "2.5"]
[White "Kalezic,B"]
[Black "Milovic,J"]
[Result "1-0"]
[WhiteElo "2439"]
[BlackElo "2382"]

1.e4 d6 2.d4 g6 3.Nc3 Bg7 4.Be3 c6 5.Qd2 b5 6.Bd3 a6 7.Nge2 Nd7 8.a4 Bb7
9.O-O Ngf6 10.f3 O-O 11.Bh6 e5 12.Bxg7 Kxg7 13.axb5 axb5 14.Rxa8 Qxa8 15.Nd1 exd4
16.Nxd4 Ne5 17.f4 Nxd3 18.cxd3 Qa4 19.b4 c5 20.Nc3 Qxb4 21.Ndxb5 c4 22.e5 Nd5
23.Rb1 Qc5+ 24.d4 Qc6 25.Nxd5 Qxd5 26.Nc3 Qc6 27.d5 Qc5+ 28.Qf2 Qa3 29.Qd4 Bc8
30.e6+ Kg8 31.f5 gxf5 32.e7 Re8 33.Re1 Bd7 34.h4 Rb8 35.Kh2 Qc5 36.Qf6 Qf2
37.Qg5+ Kh8 38.Re3 f4 39.Qf6+ Kg8 40.Rf3 Qe1 41.Rxf4  1-0

[Event "119th ch-SCO 2012"]
[Site "Glasgow SCO"]
[Date "2012.07.08"]
[Round "2.4"]
[White "Sengupta,D"]
[Black "Dunnington,A"]
[Result "1-0"]
[WhiteElo "2548"]
[BlackElo "2386"]

1.e4 g6 2.d4 Bg7 3.Nc3 d6 4.Be3 a6 5.a4 Nd7 6.Qd2 b6 7.h4 Ngf6 8.f3 h5 9.Nh3 c5
10.d5 Ne5 11.Be2 Rb8 12.Nf2 Qd7 13.O-O Kf8 14.f4 Neg4 15.e5 dxe5 16.fxe5 Nxe3
17.exf6 Bh6 18.Qd3 Nxf1 19.Rxf1 exf6 20.Qg3 Ra8 21.a5 bxa5 22.Nfe4 f5 23.Nxc5 Qe7
24.d6 Qe3+ 25.Qf2 Be6 26.Bf3 Rd8 27.Rd1 Qxf2+ 28.Kxf2 Bf4 29.Nb7 Kg7 30.Na4 Rd7
31.c4 Bxc4 32.Rd4 Be5 33.Rxc4 Bxd6 34.Bc6 Rc8 35.Rc3  1-0

[Event "34th Oberwart Open A"]
[Site "Oberwart AUT"]
[Date "2012.07.08"]
[Round "2.34"]
[White "Ehs,Dominik"]
[Black "Gstach,Jakob"]
[Result "0-1"]
[WhiteElo "1977"]
[BlackElo "2087"]

1.e4 g6 2.d4 Bg7 3.Nc3 d6 4.Bc4 Nf6 5.Qe2 Nc6 6.Nf3 Bg4 7.Be3 e5 8.Bb5 Nd7
9.Bxc6 exd4 10.Bxd7+ Qxd7 11.Bxd4 Bxd4 12.h3 Bxc3+ 13.bxc3 Qc6 14.O-O Bxf3
15.Qxf3 O-O 16.Qd3 Rfe8 17.Rfe1 Re5 18.f4 Rc5 19.Re3 Re8 20.f5 Rce5 21.fxg6 hxg6
22.Rae1 Qa4 23.Kf2 Qxa2 24.c4 Qa4 25.Qb3 Qc6 26.Kf3 Rc5 27.Rc3 Rf5+ 28.Kg3 Rxe4
29.Rxe4 Qxe4 30.Rf3 Rxf3+ 31.gxf3 Qe1+ 32.Kg2 b6 33.Qb2 Qe5  0-1